000 01564nas a2200277Ia 4500
001 R050-S2708
003 IT-CnALBA
008 170116c99999999xx |||||||||||| ||und||
040 _aIT-CnALBA
_cIT-CnALBA
041 _aITALIANO
100 _aBERNARDI FRANCESCO
210 _aMISSIONI CONSOLATA
222 _aMISSIONI CONSOLATA
245 0 _aMISSIONI CONSOLATA. DICEMBRE 1997. RIVISTA MISSIONARIA FAMIGLIA. AMERICA LATINA. BAMBINI DI NATALE.
250 _a1a ed.
260 _a TORINO - ROMA
_bMISSIONI CONSOLATA
_c1997 [1° Ed.:1997 - Ed.Ling.Originale: 1997]
300 _a64 p.
310 _aMENSILE
362 _aFascicolo: 12 / Anno: 99 (1997)
500 _aZAIRE. UN DESIDERIO DIETRO L'ALTRO. LETTERA AI MISSIONARI. PRANZO DI NATALE. MADAGASCAR, IL PIANTO DEL BAOBAB. IL BEATO GIOVANNI B. SCALABRINI, TASSELLO G. KENYA, NODI AL PETTINE. COLOMBIA, I SENTIERI DELLA GUERRIGLIA, MAZZOLENI G. FILIPPINE, LE BARACCHE DI MANILA. DIRITTI UMANI, RIVOLUZIONE INCOMPIUTA. CHIESA NEL MONDO, MEDICINA INDIGENA.
501 _aSocietà San Paolo EM - Piazza San Paolo, 14 - 12051 ALBA (CN) (non commercial uses only) ® Copyright 2017
520 _aZAIRE. UN DESIDERIO DIETRO L'ALTRO. LETTERA AI MISSIONARI. PRANZO DI NATALE. MADAGASCAR, IL PIANTO DEL BAOBAB. IL BEATO GIOVANNI B. SCALABRINI, TASSELLO G. KENYA, NODI AL PETTINE. COLOMBIA, I SENTIERI DELLA GUERRIGLIA, MAZZOLENI G. FILIPPINE, LE BARACCHE DI MANILA. DIRITTI UMANI, RIVOLUZIONE INCOMPIUTA. CHIESA NEL MONDO, MEDICINA INDIGENA.
650 _aMISSIONOLOGIA
942 _cCR
957 _71
999 _a64598
_bNO
_g1
_c331296
_d331296